00846nam a22002297a 4500003001100000005001700011008004100028020001600069040003900085041000800124082001600132100002800148245006100176260004200237300004500279490003000324650004500354650005100399650004700450700003300497856008600530LK-CoMWRAF20231218123619.0231218b1997 |||||||| |||| 00| 0 eng d a 0821339303 aLK-CoMWRAFdLK-CoMWRAFeLK-CoMWRAF aeng a379.12bPAT aPatrinos, Harry Anthony a Decentralization of education : bdemand-side financing aWashington, D.C.:bWorld Bank, c1997 avii, 50 p. : ill.bBibliography included aDirections in development aEducation- Developing countries- Finance aFederal aid to education- Developing countries aEducational vouchers- Developing countries aAriasingam, David Lakshmanan uhttps://documents1.worldbank.org/curated/en/351351468338995472/pdf/multi-page.pdf